000 00427nam a2200169 a 4500
001 0000-9216
003 ELIB.Books
008 110520 2001
035 _a(ELIB.Books)0000-9368
082 _a221.6
_bGun
100 _aGunkel, Hermann
245 _aWater for a Thirsty Land
260 _bMinneapolis: Fortress Press
_c2001
650 _aOld Testament
942 _2ddc
_cBK
998 _cbat
_e2011-05-20
999 _c9216
_d9216